[Event "Euro Online U2300 Day 1"]
[Site "chess.com INT"]
[Date "2020.05.25"]
[Round "5"]
[White "Bogdanovics, Kirills"]
[Black "Salamero Pelay, Fernando"]
[Result "1-0"]
[WhiteElo "1657"]
[BlackElo "2071"]
[WhiteFideId "11608064"]
[BlackFideId "2207303"]
[EventDate "2020.05.25"]

1. d4 g6 2. c4 Bg7 3. Nc3 c5 4. d5 Bxc3+ 5. bxc3 f5 6. Nf3 d6 7. Qc2 Nf6 8. Bh6
Ng4 9. Bg5 Qa5 10. e3 Nd7 11. Be2 Nb6 12. O-O Bd7 13. h3 Nf6 14. Bh6 Rg8 15. Ng5
O-O-O 16. Rfb1 Rde8 17. Rb2 Qa4 18. Qb3 e5 19. dxe6 Bxe6 20. Rab1 Ne4 21. Nxe4
fxe4 22. Bf4 Qc6 23. a4 Qxa4 24. Qxa4 Nxa4 25. Rb3 Rd8 26. Ra3 Nb6 27. Rxa7 Kc7
28. Ra5 Nxc4 29. Bxc4 b6 30. Bxe6 bxa5 31. Bxg8 Rxg8 32. Kf1 Kc6 33. c4 Ra8 34.
Rb3 a4 35. Ra3 d5 36. cxd5+ Kxd5 37. Ke2 Kc4 38. Kd2 Kb4 39. Ra1 a3 40. Kc2 g5
41. Bxg5 Rg8 42. h4 h6 43. Bxh6 Rxg2 44. Rf1 Kc4 45. Bg5 Rh2 46. Bf6 a2 47. Kb2
Kd3 48. Kxa2 Ke2 49. Rc1 Kf3 50. Bg5 Rxf2+ 51. Kb3 Rh2 52. Rxc5 Kg4 53. Kc4 Rd2
54. Rd5 Ra2 55. Rb5 Rd2 56. Re5 Kf3 57. Rf5+ Kg4 58. Rf4+ Kh5 59. Rxe4 Rc2+ 60.
Kd3 Ra2 61. Rc4 Ra3+ 62. Rc3 Ra5 63. Kd4 Ra4+ 64. Rc4 Ra1 65. e4 Rd1+ 66. Ke5
Ra1 67. Rc5 Rd1 68. Ke6 Re1 69. e5 Rd1 70. Ke7 Kg6 71. e6 Kg7 72. Ke8 Kg8 73. e7
Rf1 74. Kd8 Rd1+ 75. Kc7 Kf7 76. Rf5+ Ke6 77. Rf6+ 1-0

[Event "Euro Online U2300 Day 1"]
[Site "chess.com INT"]
[Date "2020.05.25"]
[Round "5"]
[White "Chaqryan, Erik"]
[Black "Iro, Christian"]
[Result "1-0"]
[WhiteElo "2231"]
[BlackElo "2081"]
[WhiteFideId "13312340"]
[BlackFideId "1637606"]
[EventDate "2020.05.25"]

1. d4 Nf6 2. c4 e6 3. Nc3 Bb4 4. e3 d5 5. Nf3 O-O 6. Bd3 c5 7. O-O dxc4 8. Bxc4
Nc6 9. a3 Bxc3 10. bxc3 b6 11. Bd3 Bb7 12. e4 h6 13. Bb1 Ne7 14. Re1 cxd4 15.
cxd4 Ng6 16. Ra2 Rc8 17. Rd2 Re8 18. Bb2 Rc7 19. d5 exd5 20. e5 Nh7 21. e6 Nhf8
22. Rde2 Rce7 23. Nd4 f6 24. Re3 Nf4 25. Rg3 N4xe6 26. Nf5 d4 27. Nxh6+ Kh8 28.
Nf5 Ng5 29. Nxe7 Rxe7 30. Rxe7 Qxe7 31. h4 Nge6 32. Qh5+ Kg8 33. Bc1 Qf7 34. Qf5
g6 35. Qg4 Kg7 36. Bd2 a6 37. f4 Nc5 38. f5 Qd7 39. fxg6 Qxg4 40. Rxg4 Nce6 41.
h5 Ng5 42. Bxg5 fxg5 43. Rxg5 Kh6 44. g7 1-0

[Event "Euro Online U2300 Day 1"]
[Site "chess.com INT"]
[Date "2020.05.25"]
[Round "5"]
[White "Ibrahimli, Murad"]
[Black "Antova, Gabriela"]
[Result "1-0"]
[WhiteTitle "IM"]
[BlackTitle "FM"]
[WhiteElo "2436"]
[BlackElo "2255"]
[WhiteFideId "13410229"]
[BlackFideId "2915235"]
[EventDate "2020.05.25"]

1. d4 Nf6 2. c4 c5 3. d5 e6 4. Nc3 exd5 5. cxd5 d6 6. Nf3 g6 7. Bf4 a6 8. a4 Bg7
9. e3 O-O 10. h3 Qe7 11. Nd2 Nbd7 12. Be2 Ne8 13. O-O f5 14. Nc4 Rb8 15. a5 Ne5
16. Nb6 Nf6 17. Re1 Nfd7 18. Nca4 Nxb6 19. Nxb6 Bd7 20. Qb3 Kh8 21. Bh2 Rbe8 22.
f4 Nf7 23. Bd3 Qd8 24. Kh1 Re7 25. Re2 Rfe8 26. Rae1 Bf6 27. Bg3 Kg7 28. Nxd7
Rxd7 29. Qa4 Rc7 30. Bf2 Nh6 31. Rc1 Kf8 32. b4 cxb4 33. Rxc7 Qxc7 34. Qxb4 Bc3
35. Qb3 Bxa5 36. Rc2 Qg7 37. Qa3 Bc7 38. Bf1 Kg8 39. Be1 Qd7 40. Qb3 Bd8 41. Bb4
Nf7 42. Ba3 Qe7 43. Bb2 Ba5 44. Qa3 Be1 45. Re2 Bh4 46. Qc3 Qf8 47. g4 fxg4 48.
hxg4 b5 49. g5 Rc8 50. Qf6 Rc5 51. Bh3 a5 52. Be6 1-0

[Event "Euro Online U2300 Day 1"]
[Site "chess.com INT"]
[Date "2020.05.25"]
[Round "5"]
[White "Ptacnikova, Lenka"]
[Black "Chetina, Elizaveta"]
[Result "1-0"]
[WhiteTitle "WGM"]
[BlackTitle "WFM"]
[WhiteElo "2111"]
[BlackElo "1906"]
[WhiteFideId "305650"]
[BlackFideId "4100131"]
[EventDate "2020.05.25"]

1. c4 e5 2. g3 d5 3. cxd5 Qxd5 4. Nf3 e4 5. Nc3 Qc6 6. Ne5 Qe6 7. Qa4+ Nd7 8.
Nxd7 Bxd7 9. Qxe4 Qxe4 10. Nxe4 Bc6 11. f3 f5 12. Nc3 Nf6 13. d3 Bc5 14. Bh3 g6
15. Bf4 Bb6 16. O-O-O Nd5 17. Nxd5 Bxd5 18. Be5 O-O 19. Kb1 Rfe8 20. d4 Bc4 21.
e4 fxe4 22. fxe4 c5 23. b3 Be2 24. Bf1 Bxf1 25. Rhxf1 cxd4 26. Bxd4 Rxe4 27.
Bxb6 axb6 28. Rf2 Re7 29. Rd6 Ra6 30. Kb2 b5 31. Rd5 Rb6 32. Kc3 b4+ 33. Kc4
Re4+ 34. Kc5 Rc6+ 35. Kb5 Rc7 36. h4 Kg7 37. g4 Rxg4 38. h5 Kh6 39. hxg6 Kxg6
40. Rf8 Rg7 41. Rd6+ Kh5 42. Rf1 Kh4 43. Rh1+ Kg3 44. Rdh6 R7g5+ 45. Ka4 Rg8 46.
Rg1+ Kf4 47. Rxg4+ Kxg4 48. Rxh7 Ra8+ 49. Kxb4 Rxa2 50. Rxb7 Rb2 51. Rf7 Kg5 52.
Kc4 Kg6 53. Rf3 Rb1 54. b4 Kg5 55. b5 Kg4 56. Rf8 Rc1+ 57. Kd5 Rb1 58. Kc6 1-0

[Event "Euro Online U2300 Day 1"]
[Site "chess.com INT"]
[Date "2020.05.25"]
[Round "5"]
[White "Rogule, Laura"]
[Black "Jovancevic, Jovan"]
[Result "1-0"]
[WhiteTitle "WGM"]
[WhiteElo "2297"]
[BlackElo "2117"]
[WhiteFideId "11601876"]
[BlackFideId "900702"]
[EventDate "2020.05.25"]

1. c4 Nf6 2. Nf3 g6 3. g3 Bg7 4. Bg2 c6 5. d4 d5 6. Nbd2 O-O 7. O-O Nbd7 8. Qc2
Qb6 9. e4 dxe4 10. Nxe4 Qa6 11. b3 c5 12. Bb2 cxd4 13. Nxd4 Nxe4 14. Qxe4 Qf6
15. Rad1 Nc5 16. Qe2 Re8 17. Rd2 Qe5 18. Qf3 Qb8 19. Rfd1 a6 20. Ba3 Qc7 21. Qd5
Nd7 22. Ne2 Nf6 23. Qc5 Qxc5 24. Bxc5 e5 25. Nc3 e4 26. Nxe4 Nxe4 27. Bxe4 Bg4
28. Bxb7 Bxd1 29. Bxa8 Bg4 30. Bb7 Bh3 31. Be3 Bh6 32. c5 Bxe3 33. fxe3 Rxe3 34.
Kf2 Rc3 35. c6 Kg7 36. Bxa6 Rxc6 37. Bc4 Rf6+ 38. Ke3 Bg4 39. a4 Rf5 40. b4 Re5+
41. Kd4 Re1 42. a5 Rb1 43. b5 Bd7 44. Kc5 Bc8 45. a6 1-0

[Event "Euro Online U2300 Day 1"]
[Site "chess.com INT"]
[Date "2020.05.25"]
[Round "5"]
[White "Klimkowski, Jan"]
[Black "Fajdetic, Hrvoje"]
[Result "1/2-1/2"]
[BlackTitle "CM"]
[WhiteElo "2193"]
[BlackElo "2151"]
[WhiteFideId "21856222"]
[BlackFideId "14501945"]
[EventDate "2020.05.25"]

1. e4 e6 2. d4 d5 3. Nc3 dxe4 4. Nxe4 Nd7 5. Nf3 Ngf6 6. Ng3 b6 7. Be2 Bb7 8.
O-O Bd6 9. c4 O-O 10. b3 c5 11. Bb2 a6 12. Qd3 Qc7 13. Rad1 Rad8 14. Qc2 cxd4
15. Bxd4 Ne5 16. Qc3 Nxf3+ 17. Bxf3 Be7 18. Qe3 Nd7 19. Nh5 Bxf3 20. Qxf3 g6 21.
Ng3 e5 22. Bb2 Nc5 23. Ne4 Nxe4 24. Qxe4 f6 25. f4 Bc5+ 26. Kh1 Rxd1 27. Rxd1
exf4 28. Qe6+ Qf7 29. Qg4 g5 30. h4 h6 31. hxg5 hxg5 32. Rd7 Qg6 33. Qe6+ Rf7
34. Rd8+ Bf8 35. Bd4 Kg7 36. Kg1 Qb1+ 37. Kh2 Qh7+ 38. Kg1 Bc5 39. Bxc5 bxc5 40.
Qe8 Qb1+ 41. Kh2 Qh7+ 42. Kg1 Qb1+ 43. Kh2 Qh7+ 44. Kg1 1/2-1/2

[Event "Euro Online U2300 Day 1"]
[Site "chess.com INT"]
[Date "2020.05.25"]
[Round "5"]
[White "Padalka, Artem"]
[Black "Kosmidis, Ioannis"]
[Result "1-0"]
[WhiteElo "2203"]
[BlackElo "2130"]
[WhiteFideId "14118637"]
[BlackFideId "4253876"]
[EventDate "2020.05.25"]

1. d4 Nf6 2. c4 e6 3. Nc3 Bb4 4. Qb3 c5 5. dxc5 Na6 6. Nf3 O-O 7. Bg5 h6 8. Bh4
g5 9. Bg3 Ne4 10. e3 Qa5 11. Rc1 Naxc5 12. Qc2 Qxa2 13. Nd4 Bxc3+ 14. bxc3 Qxc2
15. Rxc2 a6 16. Bc7 Na4 17. f3 Nec5 18. Bd6 Re8 19. h4 b6 20. hxg5 hxg5 21. Be5
f5 22. Rh8+ Kf7 23. Rh7+ Kg8 24. Rg7+ Kf8 25. Rxg5 Bb7 26. g4 fxg4 27. Rxg4 Ke7
28. Rg7+ Kd8 29. Bd6 Rc8 30. e4 Bc6 31. Kd1 Ra8 32. Kc1 Rc8 33. Rh2 Nxc3 34. Kc2
N3xe4 35. fxe4 Bxe4+ 36. Kc3 Bf5 37. Nxf5 exf5 38. Bxc5 Rxc5 39. Rd2 Re4 40.
Rdxd7+ Ke8 41. Bd3 Re6 42. Ra7 b5 43. Ra8+ 1-0

[Event "Euro Online U2300 Day 1"]
[Site "chess.com INT"]
[Date "2020.05.25"]
[Round "5"]
[White "Bivol, Alina"]
[Black "Kharatyan, Roman"]
[Result "0-1"]
[WhiteTitle "WGM"]
[WhiteElo "2386"]
[BlackElo "1984"]
[WhiteFideId "4100123"]
[BlackFideId "13305220"]
[EventDate "2020.05.25"]

1. Nf3 Nf6 2. g3 d5 3. Bg2 e6 4. c4 c6 5. O-O Bd6 6. d4 Ne4 7. Nc3 f5 8. Ne5 O-O
9. f3 Nxc3 10. bxc3 Nd7 11. Nxd7 Bxd7 12. e4 Qa5 13. c5 Bc7 14. Bd2 Qa3 15. Qc2
b6 16. cxb6 axb6 17. c4 Qa4 18. Qxa4 Rxa4 19. exd5 exd5 20. cxd5 cxd5 21. Be3
Re8 22. Rfe1 f4 23. gxf4 Bf5 24. Bf1 Ra3 25. Kf2 Bd8 26. Bd2 Bh4+ 27. Kg2 Bxe1
28. Bxe1 Bd3 29. Bxd3 Rxd3 30. Bf2 Rd2 31. Kg3 Ree2 32. Bg1 Rxa2 33. Rb1 Rab2
34. Ra1 h6 35. f5 b5 36. Kf4 b4 37. Ra8+ Kh7 38. Ra7 Kg8 39. Ra8+ Kf7 40. Be3
g5+ 41. fxg6+ Kxg6 42. Ra6+ Kg7 43. Ra7+ Kf6 44. Ra6+ Kg7 45. Ra7+ Kg6 46. Ra6+
Kh5 47. Rd6 Rb3 48. Rxd5+ Kh4 49. Bg1 Rb1 50. Re5 Rxe5 51. Bf2+ Kh3 52. dxe5 Kg2
53. Bd4 Rd1 54. Ke4 b3 55. Bc3 Rc1 56. Kd3 Kxf3 57. e6 Rd1+ 58. Kc4 Rd6 59. e7
Re6 60. Kxb3 Rxe7 61. h4 Kg4 62. Bf6 Re6 63. Bd8 Rd6 64. Be7 Rd7 65. Bf6 Kf5 66.
Bc3 Kg4 67. Bf6 Rd6 68. Be7 Rd4 69. Kc3 Re4 70. Bd8 Kg3 0-1

[Event "Euro Online U2300 Day 1"]
[Site "chess.com INT"]
[Date "2020.05.25"]
[Round "5"]
[White "Hansch, Karsten"]
[Black "Belaska, Premysl"]
[Result "1-0"]
[WhiteTitle "FM"]
[WhiteElo "2300"]
[BlackElo "2224"]
[WhiteFideId "24692239"]
[BlackFideId "300896"]
[EventDate "2020.05.25"]

1. e4 c5 2. Nf3 d6 3. Bb5+ Bd7 4. Bxd7+ Qxd7 5. c4 Nc6 6. Nc3 g6 7. d4 cxd4 8.
Nxd4 Bg7 9. Be3 Nf6 10. f3 O-O 11. O-O a6 12. Qd3 Rac8 13. b3 Qd8 14. Rac1 Nd7
15. Rfd1 Nxd4 16. Bxd4 Bxd4+ 17. Qxd4 Qb6 18. Qxb6 Nxb6 19. Kf2 Rfd8 20. Ke3 Kf8
21. Rd3 Nd7 22. Rd2 Rc5 23. Rd5 Rdc8 24. Rxc5 Rxc5 25. Kd4 e6 26. Na4 Rh5 27. h3
b6 28. Nb2 Ke7 29. Nd3 Nc5 30. b4 Nxd3 31. Kxd3 a5 32. a3 Kd7 33. Kd4 Kc6 34.
Re1 e5+ 35. Kd3 f5 36. Ke3 Rg5 37. g4 fxg4 38. fxg4 h5 39. Kf3 h4 40. Ke3 axb4
41. axb4 b5 42. cxb5+ Kxb5 43. Rd1 Kxb4 44. Rxd6 Kc5 45. Rd8 Kc6 46. Kd3 Kc7 47.
Rh8 Kd7 48. Rxh4 Ke6 49. Kc4 Kf6 50. Kd5 Kf7 51. Rh7+ Kf6 52. Ra7 1-0

[Event "Euro Online U2300 Day 1"]
[Site "chess.com INT"]
[Date "2020.05.25"]
[Round "5"]
[White "Gorsek, Gregor"]
[Black "Solakoglu, Ozgur"]
[Result "1-0"]
[BlackTitle "FM"]
[WhiteElo "2088"]
[BlackElo "1967"]
[WhiteFideId "14605899"]
[BlackFideId "6300510"]
[EventDate "2020.05.25"]

1. e4 e5 2. Nc3 Nc6 3. Bc4 Bc5 4. Qg4 g6 5. Qf3 Qf6 6. Nd5 Qxf3 7. Nxf3 Bb6 8.
Ng5 Nh6 9. c3 O-O 10. d3 Na5 11. Bb3 Nxb3 12. axb3 d6 13. Nxb6 cxb6 14. h3 Kg7
15. Nf3 f5 16. Be3 Be6 17. b4 f4 18. Bd2 a5 19. b5 Nf7 20. c4 h6 21. Bc3 Ng5 22.
Nxg5 hxg5 23. f3 Rfc8 24. Kd2 Kf6 25. b4 Bd7 26. bxa5 bxa5 27. Bxa5 Ke6 28. Bb6
Rh8 29. Kc3 Rhc8 30. Kb4 Ke7 31. Bf2 Rh8 32. Bb6 Be6 33. Rhd1 Kd7 34. c5 dxc5+
35. Bxc5 Kc7 36. Be7 g4 37. fxg4 f3 38. Rxa8 Rxa8 39. gxf3 Ra2 40. Kc3 Rf2 41.
Bf6 Rxf3 42. Bxe5+ Kb6 43. Kb4 Rxh3 44. Rc1 Ka7 45. Ra1+ Kb6 46. Rc1 Ka7 47. b6+
Kxb6 48. Bc7+ 1-0

[Event "Euro Online U2300 Day 1"]
[Site "chess.com INT"]
[Date "2020.05.25"]
[Round "5"]
[White "Caglar, Ahmet Ata"]
[Black "Hasanagic, Anel"]
[Result "0-1"]
[BlackTitle "CM"]
[WhiteElo "2077"]
[BlackElo "2235"]
[WhiteFideId "6328636"]
[BlackFideId "14605791"]
[EventDate "2020.05.25"]

1. d4 d6 2. c4 f5 3. g3 Nf6 4. Bg2 g6 5. Nh3 Bg7 6. O-O O-O 7. Nc3 c6 8. d5 e5
9. dxe6 Bxe6 10. Qb3 Qe7 11. Ng5 Bc8 12. c5+ d5 13. Bf4 Qxc5 14. e4 fxe4 15.
Ncxe4 Nxe4 16. Nxe4 Qb6 17. Nd6 Qxb3 18. axb3 Na6 19. Rfe1 Bf6 20. Bh6 Rd8 21.
Re8+ Rxe8 22. Nxe8 Bxb2 23. Re1 Bd7 24. Nd6 Bf6 25. Nxb7 Rb8 26. Nd6 Nc5 27. h3
a5 28. g4 Ne6 29. f4 Be7 30. f5 Bxd6 31. fxe6 Be8 32. e7 Rxb3 33. Re6 Bc5+ 34.
Kh2 Kf7 35. Re2 Bd6+ 36. Kg1 Rb1+ 37. Kf2 Bxe7 38. Kg3 Rb3+ 39. Bf3 a4 40. Kg2
a3 41. Bc1 Bf6 42. Ra2 Bb2 43. Bd1 Rb7 44. Be3 Bd7 45. Kf3 Be6 46. Bc5 d4 47.
Rxa3 Bxa3 48. Bxa3 Bd5+ 49. Kf4 Rb1 50. Bc2 Rf1+ 51. Kg5 Kg7 52. Bc5 h6+ 53. Kh4
g5+ 54. Kg3 Rf3+ 55. Kh2 d3 56. Bd1 Rf1 57. Ba4 d2 58. Bd4+ Kf7 0-1

[Event "Euro Online U2300 Day 1"]
[Site "chess.com INT"]
[Date "2020.05.25"]
[Round "5"]
[White "Palchuk, Andrii"]
[Black "Pruefer, Friedbert"]
[Result "1-0"]
[WhiteTitle "FM"]
[WhiteElo "2183"]
[BlackElo "2249"]
[WhiteFideId "14176688"]
[BlackFideId "24699772"]
[EventDate "2020.05.25"]

1. e4 d6 2. d4 Nf6 3. Nc3 g6 4. Nf3 Bg7 5. Be2 O-O 6. O-O c6 7. a4 Qc7 8. Be3 e5
9. dxe5 dxe5 10. Nd2 Rd8 11. a5 Nbd7 12. Qb1 Nf8 13. Nb3 Ne6 14. Rd1 Bd7 15. Qa2
Be8 16. h3 Bf8 17. Bc4 Nf4 18. Nc5 b6 19. Nd3 b5 20. Bb3 b4 21. Bxf4 exf4 22. e5
bxc3 23. exf6 cxb2 24. Qxb2 c5 25. Qc3 Rac8 26. Ne5 Bd6 27. Nc4 Bb5 28. Re1 Re8
29. Rab1 Ba6 30. Rbd1 Rxe1+ 31. Qxe1 Bxc4 32. Bxc4 Be5 33. Qd2 Bxf6 34. Qd7 Qxd7
35. Rxd7 Rb8 36. Rxf7 Be5 37. Re7+ Kf8 38. Rxe5 Rb4 39. Rxc5 Rb2 40. Bb3 Rb1+
41. Kh2 Rf1 42. Rc8+ Ke7 43. Rc7+ Kd6 44. Rxa7 Rxf2 45. Kg1 Rd2 46. Rxh7 Ke5 47.
Re7+ Kf5 48. a6 Rd1+ 49. Kh2 Ra1 50. a7 g5 51. Bd5 g4 52. hxg4+ Kxg4 53. a8=Q 1-0

[Event "Euro Online U2300 Day 1"]
[Site "chess.com INT"]
[Date "2020.05.25"]
[Round "5"]
[White "Silich, Yahor"]
[Black "Kiremitciyan, Ari"]
[Result "0-1"]
[WhiteTitle "FM"]
[BlackTitle "FM"]
[WhiteElo "2330"]
[BlackElo "2281"]
[WhiteFideId "13513656"]
[BlackFideId "6373445"]
[EventDate "2020.05.25"]

1. e4 c6 2. d4 d5 3. Nd2 dxe4 4. Nxe4 Bf5 5. Ng3 Bg6 6. h4 h6 7. Nf3 e6 8. h5
Bh7 9. Bd3 Bxd3 10. Qxd3 Nf6 11. Bd2 c5 12. O-O-O Nc6 13. Bc3 Qd5 14. dxc5 Qxd3
15. Rxd3 Bxc5 16. Bxf6 gxf6 17. Ne4 Be7 18. g4 Rg8 19. Rg1 Rd8 20. Kd2 Ne5 21.
Nxe5 fxe5 22. f3 f5 23. Nf2 Bc5 24. Rxd8+ Kxd8 25. Ke2 Ke7 26. Rg2 Bxf2 27. Kxf2
Kf6 28. c4 e4 29. fxe4 fxg4 30. b4 Kg5 31. Ke3 Kxh5 32. c5 Kg5 33. b5 h5 34. c6
bxc6 35. bxc6 h4 36. Rc2 h3 37. c7 Rc8 38. Rc5+ Kh4 39. Kf2 g3+ 40. Kf3 Rf8+ 41.
Ke3 g2 42. Rc1 h2 0-1

[Event "Euro Online U2300 Day 1"]
[Site "chess.com INT"]
[Date "2020.05.25"]
[Round "5"]
[White "Lebediantsev, Ruslan"]
[Black "Hristodoulou, Panagiotis"]
[Result "1-0"]
[BlackTitle "FM"]
[WhiteElo "2075"]
[BlackElo "2302"]
[WhiteFideId "24135755"]
[BlackFideId "4214340"]
[EventDate "2020.05.25"]

1. e4 Nf6 2. e5 Nd5 3. d4 d6 4. c4 Nb6 5. f4 g6 6. Nf3 Bg7 7. Bd3 O-O 8. O-O
dxe5 9. dxe5 Nc6 10. Nc3 Nb4 11. Be4 Bf5 12. Bxf5 gxf5 13. Qb3 Nc6 14. Be3 Qd3
15. Nb5 Qxc4 16. Nxc7 Rac8 17. Bxb6 Qxb3 18. axb3 axb6 19. Nd5 b5 20. Nb6 Rcd8
21. Rad1 e6 22. Kf2 Rxd1 23. Rxd1 Rb8 24. Ke3 Bf8 25. Nd7 Rd8 26. Nf6+ Kg7 27.
Rxd8 Nxd8 28. Nd4 b4 29. Kd3 Be7 30. Nd7 Kg6 31. g3 Kh5 32. h3 Kg6 33. Kc4 h5
34. h4 f6 35. exf6 Bxf6 36. Ne5+ Bxe5 37. fxe5 Nf7 38. Nf3 f4 39. gxf4 Kf5 40.
Nd4+ Kxf4 41. Nxe6+ Kg4 42. Kd5 Kxh4 43. Nf4 Nd8 44. e6 Nc6 45. Ng6+ Kg5 46. e7
Nxe7+ 47. Nxe7 h4 48. Ke4 Kg4 49. Ke3 Kg3 50. Nf5+ Kg4 51. Nd4 h3 52. Kf2 Kf4
53. Nc2 Ke4 54. Nxb4 h2 55. Kg2 Ke3 56. Kxh2 Kd2 57. Kg3 Kc1 58. Nd5 1-0

[Event "Euro Online U2300 Day 1"]
[Site "chess.com INT"]
[Date "2020.05.25"]
[Round "5"]
[White "Mammadov, Sadig"]
[Black "Ioannidis, Evgenios"]
[Result "0-1"]
[WhiteTitle "FM"]
[BlackTitle "IM"]
[WhiteElo "2237"]
[BlackElo "2401"]
[WhiteFideId "13408712"]
[BlackFideId "4229274"]
[EventDate "2020.05.25"]

1. d4 d5 2. Nf3 Nf6 3. c4 c6 4. Nc3 e6 5. g3 dxc4 6. Bg2 Nbd7 7. O-O b5 8. Bg5
Bb7 9. Nd2 Qb6 10. a4 Bb4 11. e3 Nd5 12. Nce4 O-O 13. a5 Bxa5 14. Nc5 Nxc5 15.
dxc5 Qc7 16. e4 Nb4 17. Qg4 f5 18. exf5 exf5 19. Qh4 Nd3 20. Nxc4 Bb4 21. Rad1
bxc4 22. Qxc4+ Qf7 23. Qxd3 a5 24. Qd6 h6 25. Be3 Rac8 26. Rd4 Kh7 27. Rfd1 Rfe8
28. Qd7 Re7 29. Qd6 Rcc7 30. Bf1 Re6 31. Bc4 Rxd6 32. cxd6 Qh5 33. dxc7 Bc5 34.
Rd8 Bxe3 35. Bg8+ Kg6 36. R8d6+ Kg5 37. h4+ Kg4 38. Bc4 f4 39. Be2+ f3 40. Bc4
Qe5 41. Be6+ Kh5 42. Bf7+ g6 43. Bxg6+ Kg4 44. Bf7 Qxg3+ 45. Kh1 Qg2# 0-1

[Event "Euro Online U2300 Day 1"]
[Site "chess.com INT"]
[Date "2020.05.25"]
[Round "5"]
[White "Pantovic, Dragan M"]
[Black "Loew, Gerald"]
[Result "0-1"]
[BlackTitle "FM"]
[WhiteElo "2051"]
[BlackElo "2152"]
[WhiteFideId "915211"]
[BlackFideId "4615875"]
[EventDate "2020.05.25"]

1. d4 d6 2. e4 Nf6 3. Nc3 e5 4. Nge2 Be7 5. g3 O-O 6. Bg2 c6 7. O-O b5 8. a3
Nbd7 9. h3 Bb7 10. Be3 a5 11. g4 b4 12. Na4 Ba6 13. Re1 c5 14. dxc5 Nxc5 15.
Nxc5 dxc5 16. axb4 axb4 17. Ng3 g6 18. Qf3 Bb7 19. Bh6 Re8 20. Rad1 Qc7 21. Bg5
Qb6 22. Bf1 Nxe4 23. Nxe4 Bxg5 24. Bc4 Bf4 25. Rd7 Bxe4 26. Bxf7+ Kh8 27. Qxe4
Red8 28. Red1 Rxd7 29. Rxd7 Rd8 30. Qd5 Rxd7 31. Qxd7 Qf6 32. Qe8+ Kg7 33. Qg8+
Kh6 34. Qf8+ Kg5 35. Qe8 Kh4 36. Kg2 e4 37. Bd5 e3 38. fxe3 Be5 39. b3 Bc3 40.
Qd7 h6 41. Bf3 Qe5 42. Qd8+ g5 43. Kf1 Qg3 44. Qd1 Qxh3+ 45. Bg2 Qxe3 46. Qd7
Qe1# 0-1

[Event "Euro Online U2300 Day 1"]
[Site "chess.com INT"]
[Date "2020.05.25"]
[Round "5"]
[White "Akhmedov, David"]
[Black "Eret, Matous"]
[Result "1/2-1/2"]
[WhiteElo "1808"]
[BlackElo "2166"]
[WhiteFideId "34220194"]
[BlackFideId "364509"]
[EventDate "2020.05.25"]

1. e4 c5 2. Nf3 e6 3. d3 a6 4. g3 g6 5. Bg2 Bg7 6. O-O Ne7 7. c3 O-O 8. d4 cxd4
9. cxd4 d5 10. e5 Nbc6 11. Nc3 b5 12. h4 h6 13. Bf4 Qb6 14. Qd2 Nf5 15. Rad1 h5
16. Bg5 a5 17. Bh3 b4 18. Ne2 Ba6 19. Rfe1 Rac8 20. Nf4 Nce7 21. Bxe7 Nxe7 22.
Ng5 Rc6 23. Rc1 Rfc8 24. Rxc6 Rxc6 25. Qd1 b3 26. axb3 Qb4 27. Re3 Bh6 28. Rf3
Bxg5 29. hxg5 Bb5 30. g4 hxg4 31. Bxg4 a4 32. bxa4 Bxa4 33. b3 Bb5 34. Qa1 Qd2
35. Qa8+ Rc8 36. Qb7 Qe1+ 37. Kh2 Rc1 38. Nh3 Qh1+ 39. Kg3 Be2 40. Qxe7 Bxf3 41.
Bxf3 Rc3 42. Qd8+ Kg7 43. Qf6+ Kg8 44. b4 Qb1 45. b5 Qxb5 46. Nf4 Qf1 47. Qd8+
Kh7 48. Qf8 Qg1+ 49. Ng2 Rc7 50. Qd8 Qc1 51. Nf4 Qg1+ 52. Ng2 Qc1 53. Nf4 Qg1+
54. Ng2 1/2-1/2

[Event "Euro Online U2300 Day 1"]
[Site "chess.com INT"]
[Date "2020.05.25"]
[Round "5"]
[White "Nandrean, Dan"]
[Black "Selbes, Tarik"]
[Result "0-1"]
[BlackTitle "FM"]
[WhiteElo "2173"]
[BlackElo "2235"]
[WhiteFideId "1212354"]
[BlackFideId "6302513"]
[EventDate "2020.05.25"]

1. e4 d6 2. d4 Nf6 3. f3 g6 4. Ne2 a6 5. Be3 Nc6 6. Qd2 h5 7. Nbc3 Bg7 8. O-O-O
b5 9. d5 Ne5 10. Nd4 c5 11. dxc6 Be6 12. b3 Rc8 13. Kb1 O-O 14. Be2 Nxc6 15.
Nxc6 Rxc6 16. Nd5 Rc8 17. Nxf6+ Bxf6 18. Bd4 Bxd4 19. Qxd4 Qc7 20. Rd2 Qc3 21.
Rhd1 Rc5 22. Qxc3 Rxc3 23. Rd3 Rc5 24. c3 a5 25. Kb2 Rfc8 26. Bf1 b4 27. c4 a4
28. Ra1 a3+ 29. Kc2 d5 30. exd5 Bf5 31. Kd2 Bxd3 32. Bxd3 Kg7 33. Re1 Kf6 34.
Ke3 e6 35. Be4 exd5 36. Bxd5 Re8+ 37. Be4 Rd8 38. Bd5 Rcc8 39. Kd4 Re8 40. Be4
Kg5 41. Rc1 f5 42. Bd5 Re2 43. Ra1 h4 44. c5 Rd8 45. Kc4 Rc2+ 0-1

[Event "Euro Online U2300 Day 1"]
[Site "chess.com INT"]
[Date "2020.05.25"]
[Round "5"]
[White "Ignatescu, Radu"]
[Black "Travica, Robert"]
[Result "0-1"]
[WhiteTitle "FM"]
[WhiteElo "2294"]
[BlackElo "2002"]
[WhiteFideId "1202910"]
[BlackFideId "954861"]
[EventDate "2020.05.25"]

1. d4 d5 2. Nf3 Nf6 3. Bg5 Nbd7 4. Nbd2 e6 5. e3 Be7 6. Bd3 h6 7. Bh4 c5 8. c3
b6 9. O-O Bb7 10. Ne5 O-O 11. f4 Rc8 12. g4 Ne4 13. Bg3 Nxd2 14. Qxd2 Nxe5 15.
fxe5 cxd4 16. exd4 Bg5 17. Bf4 Bxf4 18. Rxf4 Qg5 19. Raf1 f6 20. Qf2 h5 21. h4
Qh6 22. g5 Qh8 23. gxf6 gxf6 24. Kh2 f5 25. Bxf5 exf5 26. Rxf5 Qh6 27. Rg1+ Kh8
28. Rgg5 Rxf5 29. Qxf5 Rf8 30. Qd7 Bc8 31. Qxd5 Bg4 32. Qe4 Rf2+ 33. Kg1 Qf8 34.
Qe3 Rf3 35. Qe1 Qf4 36. e6 Re3 37. Qf2 Qxf2+ 38. Kxf2 Rxe6 39. Kg3 Re3+ 40. Kf4
Re2 41. d5 Rxb2 42. Ke5 Rxa2 43. d6 Rd2 44. c4 a5 0-1

[Event "Euro Online U2300 Day 1"]
[Site "chess.com INT"]
[Date "2020.05.25"]
[Round "5"]
[White "Potapenko, Denis"]
[Black "Klykow, Lukasz"]
[Result "0-1"]
[WhiteElo "2150"]
[BlackElo "2197"]
[WhiteFideId "4132769"]
[BlackFideId "1106767"]
[EventDate "2020.05.25"]

1. d4 d5 2. Nc3 Nf6 3. Bg5 Nbd7 4. Nf3 h6 5. Bh4 e6 6. e4 g5 7. Bg3 Nxe4 8. Nxe4
dxe4 9. Ne5 Bg7 10. Qh5 Nxe5 11. dxe5 Qe7 12. O-O-O Bd7 13. Qg4 O-O-O 14. Qxe4
Bc6 15. Rxd8+ Rxd8 16. Qh7 f5 17. exf6 Qxf6 18. c3 Bf3 19. Bc4 Bxg2 20. Re1 Bh3
21. Qe4 e5 22. Qc2 Bf5 23. Qa4 Qd6 24. Rd1 Qxd1+ 25. Qxd1 Rxd1+ 26. Kxd1 Kd7 27.
Ke2 Be6 28. Bb5+ c6 29. Ba4 Bxa2 30. Bc2 Bd5 31. b3 a5 32. c4 Bf7 33. f3 b5 34.
Kd3 bxc4+ 35. bxc4 Kd6 36. Ba4 Kc5 37. Bf2+ Kb4 38. Bxc6 Bxc4+ 39. Ke4 a4 40.
Be1+ Kb3 41. Ke3 a3 42. Be4 a2 43. Kd2 a1=Q 44. Bc2+ Kb2 45. Bf2 Qc1# 0-1